00699nam a2200229Ia 4500003000900000008004100009040001300050040001300063041000800076100002100084100000800105245008200113250001100195260001700206260000900223300001100232300001000243490000600253942000700259999001700266952018600283IT-RoPAU120407s9999 xx 000 0 und d aIT-RoPAU cIT-RoPAU aita aRaimondo Spiazzi cop. aSacerdozio e santità€. Fondamenti teologici della spiritualità€ sacerdotale aPadova aPresbyterium c1963 a328 p. c20 cm v1 cBK c32693d32693 00102ddc406253_200000000000000_7371aPAULUSbPAULUSd2012-04-11l0o253.2.73r2012-04-11 00:00:00w2012-04-11yBKzInserito da: In data: n.d. fondo: Via A.Severo 56 Progr:31556